Alfredo Cabanillas Blanco, 1894-1979 : (Record no. 37637)
[ view plain ]
| 000 -LEADER | |
|---|---|
| campo de control de longitud fija | 01252nam a2200277 i 4500 |
| 001 - NÚMERO DE CONTROL | |
| campo de control | 37637 |
| 003 - IDENTIFICADOR DE NÚMERO DE CONTROL | |
| campo de control | ES-MaACL |
| 005 - FECHA Y HORA DE LA ÚLTIMA TRANSACCIÓN | |
| campo de control | 20250831122123.0 |
| 007 - CAMPO FIJO DE DESCRIPCIÓN FÍSICA--INFORMACIÓN GENERAL | |
| campo de control de longitud fija | t| |
| 008 - DATOS DE LONGITUD FIJA--INFORMACIÓN GENERAL | |
| campo de control de longitud fija | 151210s2011 sp ||||1| spa d |
| 020 ## - NÚMERO INTERNACIONAL ESTÁNDAR DEL LIBRO | |
| Número Internacional Estándar del Libro | 978-84-8154-297-4 |
| 080 ## - NÚMERO DE LA CLASIFICACIÓN DECIMAL UNIVERSAL | |
| Número de la Clasificación Decimal Universal | 070 Cabanillas, Alfredo (060.64) |
| 080 ## - NÚMERO DE LA CLASIFICACIÓN DECIMAL UNIVERSAL | |
| Número de la Clasificación Decimal Universal | 929 Cabanillas, Alfredo (060.64) |
| 245 00 - MENCIÓN DEL TÍTULO | |
| Título | Alfredo Cabanillas Blanco, 1894-1979 : |
| Resto del título | vivencias de un periodista republicano / |
| Mención de responsabilidad, etc. | Francisco Durán Alcalá, Mª del Carmen Ruiz Barrientos, [comisariado ; textos, Francisco Durán Alcalá, Carmen Ruiz Barrientos]. |
| 260 ## - PUBLICACIÓN, DISTRIBUCIÓN, ETC. | |
| Lugar de publicación, distribución, etc. | [Córdoba] : |
| Nombre del editor, distribuidor, etc. | Diputación Provincial de Córdoba : |
| -- | Patronato Municipal Niceto Alcalá-Zamora, |
| Fecha de publicación, distribución, etc. | D.L. 2011. |
| 300 ## - DESCRIPCIÓN FÍSICA | |
| Extensión | 549 p. : |
| Otras características físicas | principalmente il. col. y n. ; |
| Dimensiones | 26 cm. |
| 600 14 - PUNTO DE ACCESO ADICIONAL DE MATERIA--NOMBRE DE PERSONA | |
| Nombre de persona | Cabanillas, Alfredo, |
| Fechas asociadas al nombre | 1894-1979 |
| 9 (RLIN) | 33142 |
| 700 1# - ENTRADA AGREGADA--NOMBRE PERSONAL | |
| Nombre de persona | Durán Alcalá, Francisco. |
| 9 (RLIN) | 145760 |
| 700 1# - ENTRADA AGREGADA--NOMBRE PERSONAL | |
| Nombre de persona | Ruiz Barrientos, Carmen. |
| 9 (RLIN) | 158335 |
| 710 2# - ENTRADA AGREGADA--NOMBRE DE ENTIDAD CORPORATIVA | |
| Nombre de entidad corporativa o nombre de jurisdicción como elemento de entrada | Patronato Municipal Niceto Alcalá-Zamora y Torres. |
| 9 (RLIN) | 158329 |
| 852 ## - LOCALIZACIÓN | |
| Ubicación | ES-MaACL |
| Número de control de estantería | A-13473 |
| itemnumber | 39005 |
| Sublocalización o colección | R.150838 |
| Ubicación en estantería | Depósito 1 |
| Signatura antigua | Olim: N-6473 |
| Donativo/Legado | Donación: Real Academia Española |
| 914 ## - NOMBRE ENTIDAD DE DONANTE | |
| RLIN | 6336 |
| Nombre de congreso/reunión o jurisdicción como elemento de entrada | Real Academia Española |
| Unidad subordinada | Donante |
| 942 ## - ELEMENTOS DE ENTRADA SECUNDARIOS (KOHA) | |
| Fuente del sistema de clasificación o colocación | Clasificación decimal universal |
| Tipo de ítem Koha | Libro impreso |
| Estatus retirado | Estado de pérdida | Fuente del sistema de clasificación o colocación | Estado de daño | No para préstamo | Biblioteca de origen | Biblioteca actual | Ubicación en estantería | Fecha de adquisición | Fuente de adquisición | Total de préstamos | Signatura topográfica completa | Código de barras | Visto por última vez | Precio de reemplazo | Tipo de ítem Koha |
|---|---|---|---|---|---|---|---|---|---|---|---|---|---|---|---|
| Clasificación decimal universal | Biblioteca del Ateneo de Madrid | Biblioteca del Ateneo de Madrid | Depósito 1 | 10/12/2015 | Donación | A-13473 | 1194560 | 23/02/2023 | 23/02/2023 | Libro impreso |
